| 000 | 00636nam a2200193 i 4500 | ||
|---|---|---|---|
| 001 | 189477 | ||
| 003 | SpMaBN | ||
| 005 | 20250724063438.0 | ||
| 008 | 190604s1986 sp |||| |dspa d | ||
| 080 | _a929 Azaña, Manuel:282 | ||
| 100 | 1 |
_aVerd Conradi, Gabriel María, _d1940- _9167239 |
|
| 245 | 1 | 3 |
_aLa conversión de Azaña / _cGabriel M. Verd. |
| 260 |
_a[Madrid : _bRazón y Fe, _c1986] |
||
| 300 |
_aP. 420-434 ; _c24 cm. |
||
| 595 | _aSeparata de: Razón y fe, t. 214, n. 1058, dic. 1986. | ||
| 600 | 1 | 7 |
_aAzaña, Manuel, 1880-1940- _xReligión _2 _9167238 |
| 852 |
_aES-MaACL _j2340-F-27 |
||
| 999 |
_c189477 _d189477 |
||